L'Azerbaïdjan pour les touristes... - Facile - Statistiques

Statistiques générales
  • Ce quiz a été pris 14 fois
  • Le résultat moyen est 11 sur 20
Statistiques - réponses
Question Indice Réponses Indice facile % Correct
Code sur les plaques minéralogiques AZ
100%
Le suffixe internet est az
100%
Quelle est la langue officielle ? Azéri
100%
Le principal aéroport est B Bakou
100%
Quelles sont les principaux lieux touristiques ? B Vieille ville de {Bakou} KOUBA
100%
Dans la capitale quel est le décalage horaire avec Paris ? (+ ou - et chiffre) ex - 10 ou + 3,5 + 2
83%
Achats à faire 4/ Tasses à Thé HET
83%
Achats à faire 2/ Produit avec du raisin Vin NIV
75%
Combien d'heures (environ) mettrez-vous pour vous y rendre ? (en chiffres) 5
67%
Comment se nomme la principale compagnie aérienne locale A A Azerbaijan Airlines AAIJNRBANALISERIEZ
67%
La religion majoritaire est Islam I
58%
Quelles sont les principaux lieux touristiques ? T Musée national du {Tapis} STAPI
58%
Achats à faire 1/ Oeufs de poisson Caviar VARIAc
50%
Quelles sont les principaux lieux touristiques ? G {Gandja} NAGADJ
25%
Quelles sont les principaux lieux touristiques ? Y {Yanar} dag RANYA
25%
Quel est le régime du pays ? R P République présidentielle
17%
Quel est le climat local ? S Subtropical
17%
Quelle est la monnaie ? Manat azerbaïdjanais M
8%
Achats à faire 3/ Chaussures locales Charyks KRACHSY
0%
Quelles sont les principaux lieux touristiques ? B-H Mosquée {Bibl-Heybat} BBLYEBAHIT
0%
Aucun quiz correspondant
Distribution des résultats
% des personnes avec chaque résultat
Percentile par nombre de réponses
Votre historique - résultats
Vous n’avez pas pris ce quiz